书目信息 |
| 题名: |
Effective STL中文版
|
|
| 作者: | 迈耶斯 著 ;潘爱民 , 陈铭 , 邹开红 译 | |
| 分册: | ||
| 出版信息: | 北京 清华大学出版社 2006.04 |
|
| 页数: | 208页 | |
| 开本: | 23cm | |
| 丛书名: | ||
| 单 册: | ||
| 中图分类: | TP312C | |
| 科图分类: | ||
| 主题词: | C语言--C yu yan--程序设计 | |
| 电子资源: | ||
| ISBN: | 7-302-12695-X | |
| 000 | 01264nam0 2200313 450 | |
| 001 | 012007647581 | |
| 005 | 20070920105509.03 | |
| 010 | @a7-302-12695-X@dCNY30.00 | |
| 100 | @a20070820d2006 km y0chiy0120 ea | |
| 101 | 1 | @achi@ceng |
| 102 | @aCN@b110000 | |
| 105 | @ay z 000yy | |
| 200 | 1 | @aEffective STL中文版@AEffective STL zhong wen ban@e50条有效使用STL的经验@f(美) Scott Meyers著@F(mei)Scott Meyers zhu@g潘爱民, 陈铭, 邹开红译@Gpan ai min,chen ming,zou kai hong yi |
| 210 | @a北京@c清华大学出版社@d2006.04 | |
| 215 | @a208页@d23cm | |
| 305 | @a据2001年英文版译出。 | |
| 306 | @a由Pearson Education授权清华大学出版社出版。 | |
| 314 | @a责任者规范汉译姓: 迈耶斯。 | |
| 330 | @aSTL是C++标准库的一部分,本书针对STL的经验总结,列出了50个条款,绝大多数条款都解释了在使用STL时应该注意的某一个方面的问题,并且详尽地分析了问题的来源、解决方案的优劣。 | |
| 500 | 10 | @aEffective STL@mChinese |
| 517 | 1 | @a50条有效使用STL的经验@A50 tiao you xiao shi yong STL de jing yan |
| 606 | 0 | @aC语言@AC yu yan@x程序设计 |
| 690 | @aTP312C@v4 | |
| 701 | 1 | @a迈耶斯@Amai ye si@g(Meyers, Scott)@4著 |
| 702 | 0 | @a潘爱民@Apan ai min@4译 |
| 702 | 0 | @a陈铭@Achen ming@4译 |
| 702 | 0 | @a邹开红@Azou kai hong@4译 |
| 801 | 0 | @aCN@c20070920 |
| 905 | @dTP312C@eM269 | |
| Effective STL中文版:50条有效使用STL的经验/(美) Scott Meyers著/潘爱民, 陈铭, 邹开红译.-北京:清华大学出版社,2006.04 |
| 208页;23cm |
| ISBN 7-302-12695-X:CNY30.00 |
| STL是C++标准库的一部分,本书针对STL的经验总结,列出了50个条款,绝大多数条款都解释了在使用STL时应该注意的某一个方面的问题,并且详尽地分析了问题的来源、解决方案的优劣。 |
| ● |
| 相关链接 |
|
|
|
正题名:Effective STL中文版
索取号:TP312C/M269
 
预约/预借
| 序号 | 登录号 | 条形码 | 馆藏地/架位号 | 状态 | 备注 |
| 1 | 261107 | 202611076 | 自科库301/301自科库 54排4列4层/ [索取号:TP312C/M269] | 在馆 | |
| 2 | 261108 | 202611085 | 自科库301/301自科库 54排4列4层/ [索取号:TP312C/M269] | 在馆 |